Countries with highest COVID-19 death rate - Statistics

General Stats
  • This quiz has been taken 6 times
  • The average score is 10 of 15
Answer Stats
Death rate/ 1M pop. Answer % Correct
4,881 Bosnia and Herzegovina
80%
5,448 Bulgaria
80%
3,979 Croatia
80%
3,184 Latvia
80%
3,472 Lithuania
80%
4,346 Montenegro
80%
4,482 North Macedonia
80%
3,467 Romania
80%
3,690 Slovakia
80%
3,203 Slovenia
80%
4,859 Hungary
60%
6,304 Peru
60%
3,753 Czech Republic
40%
4,239 Georgia
40%
3,404 San Marino
20%
No matching quizzes found
Score Distribution
Percent of People with Each Score
Percentile by Number Answered
Your Score History
You have not taken this quiz